| 000 | 01257nam0a2200301 4500 | ||
|---|---|---|---|
| 001 | RU\NLR\b_ik\172323 | ||
| 005 | 20260405124704.0 | ||
| 010 |
_a978-5-9925-0145-2 _93000 |
||
| 035 | _a(NLR Aleph) 002245012 | ||
| 090 |
_a3610274 _c3610274 |
||
| 100 | _a20080917d2008 |||y0rusy50 ca | ||
| 101 | 0 | _ager | |
| 102 | _aRU | ||
| 105 | _ay ||||||||| | ||
| 200 | 1 |
_aFabian _edie Geschichte eines moralisten _e[книга для чтения на немецком языке] _fErich Kästner _gподгот. текста, примеч. и словарь Е.А. Тимофеевой |
|
| 210 |
_aСанкт-Петербург _cКаро _d2008 |
||
| 215 |
_a314, [1] c. _d17 |
||
| 225 | 1 |
_aDeutsch _iModerne Prosa |
|
| 300 | _aВ вып. дан.: Фабиан: история одного моралиста / Эрих Кестнер | ||
| 517 | 0 | _aФабиан: история одного моралиста | |
| 606 | 1 |
_aНемецкий язык _jУчебные издания _91063964 _3RU\NLR\AUTH\66413315 |
|
| 686 | 1 | _aШ143.24-93рус91 | |
| 700 | 1 |
_4070 _8ger _7ba _aKästner _bE. _f1899-1974 _gErich _3RU\NLR\AUTH\7750109 _933044 |
|
| 702 | 1 |
_aTimofeeva _bE. A. _4220 |
|
| 801 | 0 |
_aRU _bNLR _c20080917 _gRCR |
|
| 942 | _cBOOK | ||
| 980 | _aNB | ||